00820nam a2200205 a 450000100060000000300090000600800410001501500230005604000280007908200150010711000410012224501510016326000300031430000200034465000390036465000450040394200120044899900170046095201370047725196CO-ViMGA141112s2004 ck r 000 u spa d ack - 1998 - - xxxx aCO-ViMGAbspacCO-ViMGA04a371.904465 aInstituto Nacional para Ciegos9200610aTercer foro educativo, Atención educativa a la población con limitación visual : buna ruptura necesaria / cInstituto Nacional para Ciegos. aBogotá : bINCI, c2009 a186 p. ; 21 cm.14aDiscapacidad - pedagogía 93836514aeducación - limitación visual938366 2ddccBK c32823d32823 01102ddc44708002aMEVIECARbMEVIECARd2015-12-04h20/ago/2013l0o371.904465 p26144r2015-12-04 00:00:00tEj. 1w2015-12-04yBK